| 000 | 01045nam a2200241Ia 4500 | ||
|---|---|---|---|
| 999 |
_c34438 _d34438 |
||
| 001 | 180 | ||
| 003 | GE_BSU | ||
| 005 | 20220818133522.0 | ||
| 008 | 181216s2009||||ge |||||||||||||| ||geo|| | ||
| 020 | _a9789941014390 | ||
| 040 | _cGE_BSU | ||
| 041 | _ageo | ||
| 080 | _a37.01(075.8) ხ–98 | ||
| 100 |
_aხუხუა, გულნაზ _914541 |
||
| 245 |
_aპედაგოგიკა : _b[სახელმძღვანელო] / _cგულნაზ ხუხუა ; [რედ. ირაკლი დანელია] ; სოხუმის სახელმწ. უნ-ტი. |
||
| 264 |
_aთბილისი, _c2009. |
||
| 300 |
_a300 გვ. ;. _b 20 სმ |
||
| 653 | _aპედაგოგიკა | ||
| 700 |
_aდანელია, ირაკლი _eრედაქტორი _914542 |
||
| 710 |
_aსოხუმის სახელმწ. უნ-ტი. _914543 |
||
| 856 |
_uhttps://dspace.nplg.gov.ge/bitstream/1234/6012/1/Xuxua_Gulnaz.pdf _yელ. ვერსია pdf |
||
| 942 |
_cBK _2udc |
||